|
|
|
|
| LEADER |
00000nab a2200000 a 4500 |
| 001 |
vtls011732791 |
| 003 |
SK-MaSNL |
| 005 |
20260225185421.0 |
| 008 |
230121|2002 xo |||||||||||||||||slo |
| 015 |
|
|
|a SNBRB
|
| 035 |
|
|
|a (urnnbn)urn:nbn:sk:snk:ar-0018i0
|
| 035 |
|
|
|a urn:nbn:sk:snk-abfa57
|
| 035 |
|
|
|a (uuid)0bb5f460-8a4a-4903-9a4d-7608c4c4a8e1
|
| 040 |
|
|
|a SNKBUCL
|b slo
|c SNKBUCL
|e AACR2
|
| 041 |
0 |
|
|a slo
|
| 044 |
|
|
|a xo
|c SK
|
| 245 |
0 |
0 |
|a Nový koaxiálny opakovač pre ControlNet
|
| 773 |
0 |
|
|t AT&P journal : priemyselná automatizácia a informatika
|g Roč. 9, č. 2 (2002), s. 77
|
| 954 |
|
|
|a odborná, vedecká literatúra pôvodná (slovenská)
|2 lita
|
| 958 |
|
|
|a OND
|
| 958 |
|
|
|a EUIPO
|
| 958 |
|
|
|a article24
|
| 999 |
|
|
|c 1889049
|d 1890979
|